000 00508nam a22001697a 4500
003 NUST - PNEC
005 20170116181131.0
008 151006b xxu||||| |||| 00| 0 eng d
020 _a101402029306
040 _cLIBRARY
082 _a658.5 MAT
100 _913944
_aMatta, Andrea
245 _aDesign of advanced manufacturing systems:models for capacity planning in advanced manufacturing systems
_cAndrea Matta
260 _cc.2005
650 _913950
_aManufacturing systems
_xIME
942 _2ddc
_cBK
999 _c69952
_d69952